| 000 | 00847nam a2200217 a 4500 | ||
|---|---|---|---|
| 001 | 22519 | ||
| 003 | CO-ViMGA | ||
| 008 | 141112s2004 ck r 000 u spa d | ||
| 040 |
_aCO-ViMGA _bspa _cCO-ViMGA |
||
| 082 | 0 | 4 | _a658 E727g |
| 100 | 1 |
_aEscribiano Ruiz, Gabriel; Fadrique Barcenilla, Carmen _931970 |
|
| 245 | 1 | 0 | _aGestión administrativa de compraventa |
| 250 | _a2 | ||
| 260 |
_aMadrid : _bThomson, _c2006 |
||
| 300 | _a225 | ||
| 505 | _aLos subsistemas empresariales.El aprovisionamiento .los provedores 3 - 15 - - El pedido 21 - 31 - - Los contratos.legislación aplicable a los contratos de compraventa 35 - 51 | ||
| 590 | _aForma de adquisición : Compra - - Precio : 96000 - - Proveedor : Dismet - - Fecha de adquisición : 2008 | ||
| 650 | 1 | 4 |
_aGESTIóN EMPRESAS _931971 |
| 650 | 1 | 4 |
_aVENTAS - GESTION _926109 |
| 942 |
_2ddc _cBK |
||
| 999 |
_c30820 _d30820 |
||